000 00397 a2200157 4500
005 20250319130432.0
020 _a0-201-03837-4
082 _a513.142 KEE
100 _aKEEDY, M. L.
245 _aEssential Mathematics
250 _a3rd Ed.
260 _aLondon,
_bAddison-Wesley,
_c1980.
300 _aix, 642p.: ill,; figure, table
_bIndex.
_c27cm.
700 _aBITTINGER, M. L.
942 _2ddc
_cBKS
999 _c978
_d978